00996nam a2200301 i 450000100060000000300090000600500170001500700030003200800410003502000180007604000220009408000240011608000260014008000240016608000120019010000200020224500800022226000320030230000210033449000370035550400320039260000540042460000560047860000620053465000280059683000370062485200330066153863ES-MaACL20250928133910.0t|031114s2002 sp ||||0| spa d a84-309-3834-6 aM-BN bspa cM-BN a1 Heidegger, Martin a1 Gadamer, Hans Georg a1 Sloterdijk, Peter a165.7421 aDuque, Félix.10aEn torno al humanismo b: Heidegger, Gadamer, Sloterdijk / cFélix Duque. aMadrid : bTecnos, c[2002] a184 p ; c22 cm.1 aColección Filosofía y Ensayo aBibliografía: p. 183-184.14aHeidegger, Martin-xCrítica e interpretación.14aGadamer, Hans Georg-xCrítica e interpretación.14aSloterdijk, Peter, d1947- xCrítica e interpretación14aHumanismo (Filosofía)0 aColección Filosofía y Ensayo aES-MaACLjL-26625 bR.132160